| 000 | 01047nac a22003131u 4500 | ||
|---|---|---|---|
| 003 | EG-ScBUE | ||
| 005 | 20220210133948.0 | ||
| 008 | 200219s1992 enk f 000 1 eng d | ||
| 020 | _a1852421835 | ||
| 020 | _a9781852421830 | ||
| 040 |
_aEG-ScBUE _beng _erda _cEG-ScBUE _dEG-ScBUE |
||
| 082 | 0 | 4 |
_a833.914 _bJEL _222 |
| 100 | 1 |
_aJelinek, Elfriede, _d1946- _eauthor. |
|
| 245 | 1 | 0 |
_aLust / _cElfriede Jelinek ; translated by Michael Hulse. |
| 264 | 1 |
_aLondon : _bSerpent's Tail, _c1992. |
|
| 300 |
_a207 pages ; _c20 cm |
||
| 336 |
_2rdacontent _atext _btxt |
||
| 337 |
_2rdamedia _aunmediated _bn |
||
| 338 |
_2rdacarrier _avolume _bnc |
||
| 546 | _aText in English ; translated from Germany language. | ||
| 650 | 7 |
_aMarried people _vFiction. _2BUEsh |
|
| 650 | 7 |
_aMan-woman relationships _vFiction. _2BUEsh _935180 |
|
| 650 | 7 |
_aAustrian fiction _v20th century. _2BUEsh _934165 |
|
| 651 | _2BUEsh | ||
| 653 |
_bHHUUEENN _cFebruary2022 |
||
| 655 |
_vReading book _934232 |
||
| 700 | 1 |
_aHulse, Michael, _d1955- _etranslator. |
|
| 942 |
_cBB _2ddc |
||
| 999 |
_c3101 _d3101 |
||